MARC details
| 000 -CABECERA |
| campo de control de longitud fija |
02405nab a2200289 a 4500 |
| 005 - FECHA Y HORA DE LA ÚLTIMA TRANSACCIÓN |
| campo de control |
20250311063805.0 |
| 008 - ELEMENTOS DE LONGITUD FIJA--INFORMACIÓN GENERAL |
| campo de control de longitud fija |
991125c2017 sp fr p o 000 0 spa d |
| 035 ## - NÚMERO DE CONTROL DEL SISTEMA |
| Número de control de sistema |
UPN01000218912 |
| 040 ## - FUENTE DE LA CATALOGACIÓN |
| Centro catalogador/agencia de origen |
UPN |
| Lengua de catalogación |
spa |
| Centro/agencia transcriptor |
UPN |
| Normas de descripción |
aacr2 |
| 049 ## - COLECCIÓN |
| Colección |
ART-E |
| 100 1# - ASIENTO PRINCIPAL--NOMBRE PERSONAL |
| Nombre de persona |
Marín Díaz, Verónica |
| Enlace |
- vmarin@uco.es |
| 100 1# - ASIENTO PRINCIPAL--NOMBRE PERSONAL |
| Nombre de persona |
Sampedro Requena, Begoña Esther |
| 100 1# - ASIENTO PRINCIPAL--NOMBRE PERSONAL |
| Nombre de persona |
Vega Gea, Esther M |
| 245 10 - MENCIÓN DE TÍTULO |
| Título |
Estudio psicométrico de la aplicación del Internet Addiction Test con estudiantes universitarios españoles |
| Medio |
[recurso electrónico en línea] |
| 506 0# - NOTA DE RESTRICCIONES AL ACCESO |
| Limitaciones de acceso |
Acceso abierto |
| 520 3# - NOTA DE RESUMEN, ETC. |
| Sumario, etc. |
Internet ha experimentado en los últimos años una evolución exponencial al crecimiento de la sociedad. A la par han ido surgiendo diversos problemas de diferente naturaleza, asociados a distintas herramientas creadas bajo su ala, como son las redes sociales. Uno de esos problemas, común a muchos recursos digitales, es la adicción. Para determinar el grado de adicción o de uso problemático de los jóvenes a Internet Young creó el Internet Addiction Test. La intención de este artículo ha sido validar si dicho instrumento, con las modificaciones oportunas (lingüísticas, culturales y adaptaciones a la herramienta a trabajar) puede medir el grado de adicción a las redes sociales. Para ello y siguiendo las pautas del trabajo de Watters, Keefer, Kloosterman, Summerfeldt y Parker (2013), se ha estudiado si dicha prueba es igualmente válida para medir la adicción a las redes sociales. Para ello se ha realizado un análisis bifactorial exploratorio confirmatorio, a una muestra de N=362 estudiantes de los grados de Educación Infantil, Educación Primaria, Educador Social, Pedagogía y Administración y Dirección de Empresas de la Universidad de Córdoba. El resultado preliminar ha sido positivo, reflejando que dicho recurso puede ser empleado tanto para determinar el grado de adicción a Internet como a las redes sociales. |
| 650 #4 - ASIENTO SECUNDARIO DE MATERIA - TERMINO TEMATICO |
| 9 (RLIN) |
15749 |
| Término de materia o nombre geográfico como elemento de entrada |
Redes sociales |
| 650 #4 - ASIENTO SECUNDARIO DE MATERIA - TERMINO TEMATICO |
| Término de materia o nombre geográfico como elemento de entrada |
Internet |
| 9 (RLIN) |
547 |
| 650 #2 - ASIENTO SECUNDARIO DE MATERIA - TERMINO TEMATICO |
| 9 (RLIN) |
408 |
| Término de materia o nombre geográfico como elemento de entrada |
Adicción |
| 650 #0 - ASIENTO SECUNDARIO DE MATERIA - TERMINO TEMATICO |
| 9 (RLIN) |
9298 |
| Término de materia o nombre geográfico como elemento de entrada |
Estudiantes universitarios |
| 773 ## - ENLACE AL DOCUMENTO FUENTE/ENTRADA DE REGISTRO ANFITRIÓN |
| Parte(s) relacionada(s) |
Extra 2 (2017), p. 147–161 |
| Título |
Contextos educativos : revista de educación |
| Número Internacional Normalizado para Publicaciones Seriadas |
1695-5714 |
| 856 4# - LOCALIZACIÓN Y ACCESO ELECTRÓNICOS |
| Identificador Uniforme del Recurso |
<a href="https://publicaciones.unirioja.es/ojs/index.php/contextos/article/view/3067">https://publicaciones.unirioja.es/ojs/index.php/contextos/article/view/3067</a> |
| 856 4# - LOCALIZACIÓN Y ACCESO ELECTRÓNICOS |
| Identificador Uniforme del Recurso |
<a href="https://doi.org/10.18172/con.3067">https://doi.org/10.18172/con.3067</a> |
| 902 ## - ELEMENTOS DE DATOS B LOCAL, LDB (RLIN) |
| Creó |
Gloria Jiménez/0824 |
| 905 ## - TIPO DE MATERIAL |
| Tipo de material |
Articulo |
| 942 ## - ELEMENTOS DE PUNTO DE ACCESO ADICIONAL (KOHA) |
| Tipo de ítem Koha |
Artículo Electrónico |